| 000 | 00664nam a2200217 u 4500 | ||
|---|---|---|---|
| 005 | 20230624064118.0 | ||
| 008 | 120823s1997 r 000 0 eng d | ||
| 020 | _a9789871239214 | ||
| 035 | _aUPN01000186309 | ||
| 049 | _aI | ||
| 050 | 4 |
_aPZ78 _bR4.96 |
|
| 100 | 1 |
_aRepĂșn, Graciela Beatriz, _d1951- _932429 |
|
| 245 | 1 | 0 |
_aYo descubro un camino abierto / _cGraciela RepĂșn ; il. Nora Hilb. |
| 260 |
_aBuenos Aires : _bGS Junior, _c1997. |
||
| 300 |
_a23 p. : _bprincipalmente il. col. |
||
| 650 | 0 |
_aValores en la literatura _912441 |
|
| 650 | 4 |
_aRelaciones interpersonales _91551 |
|
| 700 | 1 |
_aHilb, Nora, _eil. |
|
| 905 | _aInfantil | ||
| 999 |
_c158412 _d158412 |
||